[Event "GRE-chT2 48th"]
[Site "Thessaloniki"]
[Date "2021.10.06"]
[Round "3.4"]
[White "Psomiadis, Haralampos"]
[Black "Gavrilidis, G."]
[Result "1-0"]
[WhiteElo "1919"]
[BlackElo "2127"]
[PlyCount "125"]
[EventDate "2021.10.05"]
[EventType "team-swiss"]
[EventRounds "7"]
[EventCountry "GRE"]
[SourceTitle "CBM 204 Extra"]
[Source "ChessBase"]
[SourceDate "2021.11.30"]
[SourceVersion "1"]
[SourceVersionDate "2021.11.30"]
[SourceQuality "1"]
[WhiteTeam "Katerinis"]
[BlackTeam "Thessaloniki Aris"]
[WhiteTeamCountry "GRE"]
[BlackTeamCountry "GRE"]

1. d4 Nf6 2. Bf4 e6 3. e3 b6 4. Nf3 Bb7 5. Bd3 Be7 6. h3 0-0 7. 0-0 c5 8. c4 cxd4 9. exd4 d5 10. Nc3 Nc6 11. cxd5 Nxd5 12. Be5 Nxe5 13. Nxe5 Nf4 14. Be4 Bxe4 15. Nxe4 Qd6 16. d5 Qxd5 17. Qd3 Qd4 18. Qxd4 Ne2+ 19. Kh1 Nxd4 20. Rfd1 Rfd8 21. Rac1 f6 22. Rc7 Nf5 23. Nd7 Rdc8 24. Rdc1 Rxc7 25. Rxc7 Bd8 26. Rb7 Ne7 27. Nb8 Nd5 28. Nc6 a6 29. Nd4 f5 30. Nxe6 fxe4 31. Rxg7+ Kh8 32. Rd7 Bf6 33. Rxd5 Bxb2 34. Ng5 b5 35. Nxe4 Rc8 36. g3 Rc2 37. Kg2 b4 38. Nc5 a5 39. Ne6 Kg8 40. Rxa5 Ba3 41. Ra7 Rxa2 42. Rg7+ Kh8 43. Rb7 h6 44. Nd4 Rd2 45. Nc6 Rb2 46. Ne5 Rb1 47. Ng4 Kg8 48. Nxh6+ Kf8 49. Nf5 b3 50. Nd4 b2 51. Nc2 Be7 52. Ne3 Bf6 53. Nc4 Bg7 54. h4 Rc1 55. Nxb2 Rb1 56. g4 Rxb2 57. Rxb2 Bxb2 58. f4 Bc3 59. Kf3 Be1 60. h5 Kf7 61. Ke4 Bb4 62. Kf5 Be7 63. g5 1-0